000 00488ntaaa2200193 4500
003 01
005 20251027202649.0
008 0714s1973 ag 01
040 _aAR-BaBN
_bspa
_cAR-BaBN
_eaacr
_dRIC
082 _a395.0000 Ei2
100 _aEichler, Lillian
_926150
245 _aThe new book of etiquette
250 _a1 ed.
260 _aGarden City, New York :
_bGarden City Publishing Company,
_cc1924
300 _a277 p
500 _aEtiqueta
650 _aetiqueta
942 _cBK
999 _c21832
_d21832